00447cam a22001217a 4500008004000000082001700040245014600057260003700203300001000240650002300250650002500273700002700298180718b2001 xxu||||| |||| 00| 0 eng d aB131x54 G591 aGood urban governance campaign: India launch (learning from one another), (New Delhi: UNCHS, Habitat, 4-6 September 2001)cby UNCHS (Habitat) aNew DelhibUNCHS (Habitat)c2001 a424p. aGovernance - India aUrbanization - India aIndia. UNCHS (Habitat)